Tối ưu hóa ứng dụng : Giáo trình cho sinh viên các trường đại học khối kỹ thuật thuộc các hệ đào tạo

Sách trình bày khái niệm về các bài toán tối ưu hoa và cực trị phiếu hàm. Quy hoạch tuyến tính, quy hoạch lồi, quy hoạch phi tuyến tính không bị ràng buộc, quy hoạch phi tuyến bị ràng buộc, quy hoạch thực nghiệm, điều khiển tối ưu....

Deskribapen osoa

Gorde:
Xehetasun bibliografikoak
Egile nagusia: Nguyễn, Nhật Lệ
Formatua: Liburua
Hizkuntza:Undetermined
Argitaratua: Hà Nội Khoa học kỹ thuật 2001
Gaiak:
Etiketak: Etiketa erantsi
Etiketarik gabe, Izan zaitez lehena erregistro honi etiketa jartzen!
Thư viện lưu trữ: Trung tâm Học liệu Trường Đại học Cần Thơ
LEADER 01021nam a2200205Ia 4500
001 CTU_42450
008 210402s9999 xx 000 0 und d
082 |a 519.3 
082 |b L250 
100 |a Nguyễn, Nhật Lệ 
245 0 |a Tối ưu hóa ứng dụng : 
245 0 |b Giáo trình cho sinh viên các trường đại học khối kỹ thuật thuộc các hệ đào tạo 
245 0 |c Nguyễn Nhật Lệ 
260 |a Hà Nội 
260 |b Khoa học kỹ thuật 
260 |c 2001 
520 |a Sách trình bày khái niệm về các bài toán tối ưu hoa và cực trị phiếu hàm. Quy hoạch tuyến tính, quy hoạch lồi, quy hoạch phi tuyến tính không bị ràng buộc, quy hoạch phi tuyến bị ràng buộc, quy hoạch thực nghiệm, điều khiển tối ưu. 
650 |a Mathematical optimization 
904 |i Minh 
980 |a Trung tâm Học liệu Trường Đại học Cần Thơ